History of modern india : (Record no. 10453)

MARC details
000 -LEADER
fixed length control field 00488cam a2200193ua 4500
001 - CONTROL NUMBER
control field 11653
005 - DATE AND TIME OF LATEST TRANSACTION
control field 20260515114759.0
008 - FIXED-LENGTH DATA ELEMENTS--GENERAL INFORMATION
fixed length control field 191015n xxk |||gr||||Z||||||eng
020 ## - INTERNATIONAL STANDARD BOOK NUMBER
International Standard Book Number 1843311526
040 ## - CATALOGING SOURCE
Transcribing agency MAIN
041 ## - LANGUAGE CODE
Language code of text/sound track or separate title eng
082 ## - DEWEY DECIMAL CLASSIFICATION NUMBER
Classification number 954
100 ## - MAIN ENTRY--PERSONAL NAME
Personal name Claude Markovits,
Relator term Editor.
245 ## - TITLE STATEMENT
Title History of modern india :
Remainder of title 1480-1950 /
Statement of responsibility, etc. Ed by Claude Markovits .
260 ## - PUBLICATION, DISTRIBUTION, ETC.
Place of publication, distribution, etc. London:
Name of publisher, distributor, etc. Anthem press,
Date of publication, distribution, etc. 2004.
300 ## - PHYSICAL DESCRIPTION
Extent 607p.
653 ## - INDEX TERM--UNCONTROLLED
Uncontrolled term South Asia India
942 ## - ADDED ENTRY ELEMENTS (KOHA)
Koha item type Books
Holdings
Withdrawn status Lost status Damaged status Not for loan Home library Current library Shelving location Date acquired Total checkouts Full call number Barcode Date last seen Copy number Price effective from Koha item type
        Naharkatiya College Library Naharkatiya College Library General stacks 09/19/2020   954Indian history | HIS 27154 09/19/2020 1 09/19/2020 Books